logo

Bir Sreshtho Munshi Abdur Rouf Library
Jhenaidah Cadet College

The small garden in the city / (Record no. 10051)

MARC details
000 -LEADER
fixed length control field 00693cam a2200253 i 4500
001 - CONTROL NUMBER
JCCL Control Number 10051
003 - CONTROL NUMBER IDENTIFIER
JCCL marc code BD-JhCC
005 - DATE AND TIME OF LATEST TRANSACTION
control field 20180404193258.0
008 - FIXED-LENGTH DATA ELEMENTS--GENERAL INFORMATION
fixed length control field 180404s1973 enka 000 0 eng
020 ## - INTERNATIONAL STANDARD BOOK NUMBER
International Standard Book Number 0851395597 :
Terms of availability £4.00
035 ## - SYSTEM CONTROL NUMBER
system control number (BD-JhCC)10051
040 ## - CATALOGING SOURCE
Original cataloging agency DLC
Transcribing agency DLC
Modifying agency DLC
-- BD-JhCC
041 ## - LANGUAGE CODE
Language code of Book eng
050 00 - LIBRARY OF CONGRESS CALL NUMBER
Classification number SB473
Item number .G29 1973
082 00 - DEWEY DECIMAL CLASSIFICATION NUMBER
Classification number 712/.6
Author mark and Year GAR 1973
100 1# - MAIN ENTRY--PERSONAL NAME
Personal name Garland, Madge,
Dates associated with a name 1896-1990.
245 14 - TITLE STATEMENT
Title The small garden in the city /
Statement of responsibility, etc [by] Madge Garland.
260 ## - PUBLICATION, DISTRIBUTION, ETC. (IMPRINT)
Place of publication, distribution, etc London :
Name of publisher, distributor, etc Architectural Press,
Date of publication, distribution, etc 1973.
300 ## - PHYSICAL DESCRIPTION
Pagination 136 p. :
Other physical details ill. ;
Dimensions 24 cm.
650 #0 - SUBJECT ADDED ENTRY--TOPICAL TERM
Topical term or geographic name as entry element Landscape gardening.
650 #0 - SUBJECT ADDED ENTRY--TOPICAL TERM
Topical term or geographic name as entry element Gardens
General subdivision History.
942 ## - ADDED ENTRY ELEMENTS (KOHA)
Source of classification or shelving scheme Dewey Decimal Classification
Koha item type Reference
Holdings
Source of classification or shelving scheme Damaged status Not for loan Home library Current library Shelving location Date of accession Total Checkouts Full call number Barcode Date last seen Copy number Koha item type
Dewey Decimal Classification     JCC Rouf Library JCC Rouf Library General Stacks 04/04/2018   712/.6 GAR 1973 13373 04/04/2018 C-1 Reference

JCC Library | Contacts | JCC Home

Last Update on 23 September 2017
Copyright @ 2017-2020 JCC Rouf Library
Rouf Library, Jhenidah Cadet College (JCC), Bangladesh